[Event "DVM U14 2016"]
[Site "Düsseldorf GER"]
[Date "2016.12.27"]
[Round "2"]
[White "Mimkes, Pavel"]
[Black "Wöllenstein, Sebastian"]
[Result "1-0"]
[Termination "normal"]
[Board "9.2"]
[WhiteElo "1418"]
[BlackElo "1752"]
[WhiteTeam "KSV Rochade Göttingen"]
[BlackTeam "SVG CAISSA Kassel"]
[PlyCount "151"]
[WhiteFideId "12990833"]
[BlackFideId "12974706"]
[EventCountry "GER"]
[EventRounds "7"]
[EventType "team-swiss"]
[EventDate "2016.12.26"]

1. e4 c5 2. Bc4 g6 3. Nc3 Bg7 4. Nf3 Nc6 5. O-O d6 6. Bb3 Nf6 7. d4 cxd4 8.
Nxd4 O-O 9. f3 Bd7 10. Be3 Rc8 11. Qd2 Re8 12. Rad1 Na5 13. Bh6 Bh8 14. g4 Nxb3
15. Nxb3 Qb6+ 16. Be3 Qa6 17. h4 Be6 18. Nd4 Bd7 19. Nde2 b5 20. a3 Qb7 21. Ng3
a5 22. g5 Nh5 23. Nxh5 gxh5 24. Bd4 Bxd4+ 25. Qxd4 Rc4 26. Qd3 Qa7+ 27. Kg2
Rec8 28. Rd2 b4 29. axb4 axb4 30. Nd5 Bb5 31. Qe3 Qxe3 32. Nxe3 R4c6 33. Ra1
Ra6 34. Rxa6 Bxa6 35. Nd5 Kf8 36. Nxb4 Bc4 37. Kf2 Rb8 38. c3 Ke8 39. Ke3 Kd7
40. f4 Bf1 41. Rd4 e6 42. Rd1 Bh3 43. Ra1 Rb7 44. Ra8 d5 45. e5 Bf5 46. Ra2 Kc7
47. Nd3 Kc6 48. b4 Kb5 49. Kd4 Rc7 50. Nc5 Bg6 51. Ra8 Kb6 52. c4 dxc4 53. Kxc4
Ra7 54. Rxa7 Kxa7 55. Kb5 Bf5 56. Kc6 Bh3 57. Kc7 Bf1 58. Nb3 Ka6 59. Nd4 Bd3
60. Kd6 Kb6 61. Nxe6 fxe6 62. Kxe6 Kc6 63. f5 Bc4+ 64. Ke7 Kd5 65. f6 Kxe5 66.
f7 Bxf7 67. Kxf7 Kf5 68. b5 Kg4 69. b6 Kxh4 70. b7 Kxg5 71. b8=Q h4 72. Qh2 Kg4
73. Ke6 h3 74. Ke5 h6 75. Ke4 h5 76. Qf4# 1-0

[Event "DVM U14 2016"]
[Site "Düsseldorf GER"]
[Date "2016.12.27"]
[Round "2"]
[White "Fromm, Nick"]
[Black "Mindermann, Arved"]
[Result "1-0"]
[Termination "normal"]
[Board "9.3"]
[WhiteElo "1527"]
[BlackElo "1542"]
[WhiteTeam "SVG CAISSA Kassel"]
[BlackTeam "KSV Rochade Göttingen"]
[PlyCount "47"]
[WhiteFideId "12958026"]
[BlackFideId "16221893"]
[EventCountry "GER"]
[EventRounds "7"]
[EventType "team-swiss"]
[EventDate "2016.12.26"]

1. e4 e5 2. Nf3 Nf6 3. Nxe5 d6 4. Nf3 Nxe4 5. Bd3 Nf6 6. O-O d5 7. c4 Bc5 8.
cxd5 Nxd5 9. Re1+ Be6 10. Bf5 Qf6 11. Bxe6 fxe6 12. Qe2 Ke7 13. d4 h6 14. dxc5
Nc6 15. Bd2 Rad8 16. Nc3 Rhe8 17. Nxd5+ Rxd5 18. Bc3 Qf7 19. Rad1 Rxc5 20. Ne5
Nxe5 21. Bb4 Nd7 22. Qb5 Rd8 23. Bxc5+ Nxc5 24. Qxc5+ 1-0

[Event "DVM U14 2016"]
[Site "Düsseldorf GER"]
[Date "2016.12.27"]
[Round "2"]
[White "Nizamova, Rita"]
[Black "Krömer, Alexander"]
[Result "0-1"]
[Termination "normal"]
[Board "9.4"]
[WhiteElo "1310"]
[BlackElo "1564"]
[WhiteTeam "KSV Rochade Göttingen"]
[BlackTeam "SVG CAISSA Kassel"]
[PlyCount "126"]
[WhiteFideId "16221940"]
[BlackFideId "12974676"]
[EventCountry "GER"]
[EventRounds "7"]
[EventType "team-swiss"]
[EventDate "2016.12.26"]

1. d4 d5 2. c3 Bf5 3. Nf3 e6 4. Bg5 Nf6 5. e3 Nbd7 6. Bd3 Bxd3 7. Qxd3 h6 8.
Bxf6 Nxf6 9. Nbd2 c6 10. O-O Be7 11. e4 O-O 12. Rfe1 Qc7 13. h3 b6 14. exd5
cxd5 15. Rac1 Qd6 16. c4 Rfc8 17. b3 Rc7 18. Ne5 Rd8 19. Ndf3 Nd7 20. Nxd7
Rdxd7 21. Ne5 Rd8 22. Qf3 Bf6 23. Qe3 dxc4 24. bxc4 Qxd4 25. Rcd1 Qxe3 26.
Rxd8+ Bxd8 27. Rxe3 Bf6 28. Ng4 Bg5 29. Rc3 b5 30. c5 f6 31. Rc2 Kf7 32. g3 h5
33. Nh2 e5 34. Nf3 Bh6 35. Ne1 Ke6 36. Nd3 a5 37. f3 Kd5 38. Kf2 f5 39. Ke2 e4
40. fxe4+ fxe4 41. Nf4+ Bxf4 42. gxf4 Rxc5 43. Rb2 Ke6 44. Ke3 Kf5 45. Rg2 Rc3+
46. Kd4 Rd3+ 47. Kc5 Kxf4 48. Rxg7 Rxh3 49. Kxb5 Ra3 50. Rg2 e3 51. Re2 Kf3 52.
Rh2 e2 53. Rh3+ Kf2 54. Rxa3 e1=Q 55. Rb3 Qb4+ 56. Rxb4 axb4 57. Kxb4 h4 58. a4
h3 59. a5 h2 60. a6 h1=Q 61. Kc4 Qa8 62. Kb5 Ke3 63. a7 Kd4 0-1

[Event "DVM U14 2016"]
[Site "Düsseldorf GER"]
[Date "2016.12.27"]
[Round "2"]
[White "Meier, Julian"]
[Black "Stirnberg, Noah"]
[Result "0-1"]
[Termination "normal"]
[Board "10.1"]
[WhiteElo "1267"]
[BlackElo "1772"]
[WhiteTeam "Gütersloher SV"]
[BlackTeam "SK Blauer Springer Paderborn"]
[PlyCount "80"]
[WhiteFideId "16235207"]
[BlackFideId "16207742"]
[EventCountry "GER"]
[EventRounds "7"]
[EventType "team-swiss"]
[EventDate "2016.12.26"]

1. e4 c5 2. Nf3 d6 3. c3 Nf6 4. d3 Nc6 5. Nbd2 Bg4 6. Be2 e6 7. O-O Be7 8. Nb3
d5 9. exd5 exd5 10. d4 c4 11. Nbd2 O-O 12. b3 b5 13. h3 Be6 14. Qc2 Rc8 15. Ng5
cxb3 16. Nxb3 b4 17. Bd2 a5 18. a4 bxa3 19. Rfe1 Ne4 20. Nxe4 dxe4 21. Bd1 f5
22. f3 Nb4 23. Qb1 a2 24. Rxa2 Nxa2 25. Qxa2 a4 26. Qxa4 Ra8 27. Qb5 Rb8 28.
Qa4 Bh4 29. Re3 Bd5 30. c4 f4 31. Re2 exf3 32. gxf3 Bxf3 33. Re5 Bxd1 34. Rb5
Bxb3 35. Qxb3 Qxd4+ 36. Kh1 Rxb5 37. cxb5+ Kh8 38. Qa3 Qe4+ 39. Kh2 Qe2+ 40.
Kh1 Qf1+ 0-1

[Event "DVM U14 2016"]
[Site "Düsseldorf GER"]
[Date "2016.12.27"]
[Round "2"]
[White "Schlangenotto, Niklas"]
[Black "Kühn von Burgsdorff, Johannes"]
[Result "1-0"]
[Termination "normal"]
[Board "10.2"]
[WhiteElo "1729"]
[BlackElo "1211"]
[WhiteTeam "SK Blauer Springer Paderborn"]
[BlackTeam "Gütersloher SV"]
[PlyCount "97"]
[WhiteFideId "16217560"]
[BlackFideId "16234960"]
[EventCountry "GER"]
[EventRounds "7"]
[EventType "team-swiss"]
[EventDate "2016.12.26"]

1. d4 d5 2. Bf4 Nf6 3. e3 c6 4. c4 g6 5. Nc3 Bg7 6. Nf3 O-O 7. Bd3 Bg4 8. h3
Bxf3 9. Qxf3 Na6 10. a3 Rc8 11. b4 Nc7 12. O-O Nh5 13. Bh2 f5 14. Rac1 Nf6 15.
Qe2 b6 16. Rfe1 Ne6 17. Qa2 Nc7 18. Bc2 Qd7 19. Bb3 Kh8 20. Bxc7 dxc4 21. Bxc4
Rxc7 22. Rc2 b5 23. Bb3 a6 24. Rec1 Rfc8 25. Be6 Qd6 26. Bxc8 Rxc8 27. Ne2 Nd5
28. Rc5 e6 29. Qc2 Ne7 30. Nf4 h6 31. Nd3 Kg8 32. a4 Kf7 33. axb5 axb5 34. Nb2
Bf6 35. Nd1 Rb8 36. Nb2 g5 37. Nd3 h5 38. Rd1 Kg6 39. Ne5+ Bxe5 40. dxe5 Qc7
41. Rd6 Kf7 42. Qd1 g4 43. Rd7 Qc8 44. Qd6 Qe8 45. Rxc6 gxh3 46. Qxe6+ Kf8 47.
Qh6+ Kg8 48. Qg5+ Kf8 49. Rf6+ 1-0

[Event "DVM U14 2016"]
[Site "Düsseldorf GER"]
[Date "2016.12.27"]
[Round "2"]
[White "Janke, Julian"]
[Black "Jürging, Felix"]
[Result "1-0"]
[Termination "normal"]
[Board "10.4"]
[WhiteElo "1343"]
[BlackElo "1115"]
[WhiteTeam "SK Blauer Springer Paderborn"]
[BlackTeam "Gütersloher SV"]
[PlyCount "87"]
[WhiteFideId "16229185"]
[BlackFideId "16235134"]
[EventCountry "GER"]
[EventRounds "7"]
[EventType "team-swiss"]
[EventDate "2016.12.26"]

1. d4 c6 2. Bf4 d5 3. e3 Bf5 4. c4 dxc4 5. Bxc4 e6 6. Nd2 Nf6 7. Ngf3 Nbd7 8.
O-O Be7 9. Qe2 O-O 10. Nb3 h6 11. Rfd1 Qb6 12. Rac1 Rfd8 13. h3 Rac8 14. Nh4
Bh7 15. Bh2 a6 16. f3 Qa7 17. g4 b5 18. Bd3 Bxd3 19. Qxd3 g5 20. Ng2 a5 21. f4
Nh7 22. Qd2 a4 23. Na1 Qb6 24. b4 axb3 25. Nxb3 Qa6 26. Ra1 c5 27. dxc5 Nxc5
28. Qe2 Ne4 29. Rxd8+ Rxd8 30. a4 Nc3 31. Qc2 Nxa4 32. fxg5 Nxg5 33. Nd4 Rc8
34. Qe2 Rb8 35. Bxb8 Nxh3+ 36. Kh2 Bf6 37. Kxh3 Qb7 38. Bf4 Nc3 39. Qc2 Nd5 40.
Bxh6 Ne7 41. Rb1 Ng6 42. Rxb5 Qd7 43. g5 e5+ 44. Qf5 1-0

[Event "DVM U14 2016"]
[Site "Düsseldorf GER"]
[Date "2016.12.29"]
[Round "6"]
[White "Chernykh, Arkady"]
[Black "Engel, Luis"]
[Result "0-1"]
[Termination "normal"]
[Board "1.1"]
[WhiteElo "1896"]
[BlackElo "2371"]
[WhiteClock "00:11:31"]
[BlackClock "00:24:41"]
[WhiteTeam "Karlsruher SF"]
[BlackTeam "Hamburger SK"]
[PlyCount "120"]
[WhiteFideId "12989436"]
[BlackFideId "12961523"]
[EventCountry "GER"]
[EventRounds "7"]
[EventType "team-swiss"]
[EventDate "2016.12.26"]

1. d4 {[%clk 1:30:57]} Nf6 {[%clk 1:30:53]} 2. c4 {[%clk 1:31:22]} g6 {[%clk
1:31:16]} 3. Nc3 {[%clk 1:31:44]} d5 {[%clk 1:31:40]} 4. cxd5 {[%clk 1:32:10]}
Nxd5 {[%clk 1:32:02]} 5. e4 {[%clk 1:32:36]} Nxc3 {[%clk 1:32:22]} 6. bxc3
{[%clk 1:33:02]} Bg7 {[%clk 1:32:43]} 7. Nf3 {[%clk 1:33:26]} O-O {[%clk
1:32:57]} 8. Be3 {[%clk 1:33:49]} c5 {[%clk 1:33:09]} 9. Be2 {[%clk 1:33:41]}
Nc6 {[%clk 1:32:37]} 10. O-O {[%clk 1:33:25]} cxd4 {[%clk 1:32:46]} 11. cxd4
{[%clk 1:33:45]} Bg4 {[%clk 1:31:34]} 12. d5 {[%clk 1:32:35]} Na5 {[%clk
1:08:49]} 13. Bd4 {[%clk 1:18:47]} Bxd4 {[%clk 0:59:45]} 14. Nxd4 {[%clk
1:18:49]} Bxe2 {[%clk 0:59:59]} 15. Qxe2 {[%clk 0:59:18]} e6 {[%clk 0:51:54]}
16. Rfd1 {[%clk 0:57:06]} exd5 {[%clk 0:51:31]} 17. exd5 {[%clk 0:57:13]} Qxd5
{[%clk 0:48:44]} 18. Nb3 {[%clk 0:55:56]} Qc4 {[%clk 0:48:30]} 19. Qe3 {[%clk
0:45:55]} Nxb3 {[%clk 0:47:24]} 20. axb3 {[%clk 0:46:14]} Qb5 {[%clk 0:47:33]}
21. Rd4 {[%clk 0:42:47]} Rfe8 {[%clk 0:46:38]} 22. Qg3 {[%clk 0:39:54]} Rac8
{[%clk 0:40:45]} 23. h3 {[%clk 0:36:38]} a6 {[%clk 0:39:48]} 24. Rad1 {[%clk
0:34:48]} Re7 {[%clk 0:34:13]} 25. Rd5 {[%clk 0:17:51]} Qb6 {[%clk 0:32:08]}
26. Rd6 {[%clk 0:12:04]} Qc7 {[%clk 0:31:12]} 27. Qd3 {[%clk 0:11:32]} Rce8
{[%clk 0:30:28]} 28. g3 {[%clk 0:10:45]} Qc5 {[%clk 0:29:18]} 29. Kg2 {[%clk
0:10:28]} Re1 {[%clk 0:25:41]} 30. Rd2 {[%clk 0:05:55]} Qc1 {[%clk 0:24:07]}
31. Qd5 {[%clk 0:01:36]} R1e7 {[%clk 0:19:17]} 32. h4 {[%clk 0:01:45]} Qe1
{[%clk 0:17:47]} 33. Rd4 {[%clk 0:01:28]} Qe5 {[%clk 0:17:30]} 34. Rb6 {[%clk
0:00:50]} Qxd5+ {[%clk 0:16:37]} 35. Rxd5 {[%clk 0:01:19]} Rc7 {[%clk 0:16:35]}
36. Rd4 {[%clk 0:01:30]} Ree7 {[%clk 0:09:35]} 37. h5 {[%clk 0:01:08]} Kg7
{[%clk 0:09:22]} 38. Rh4 {[%clk 0:01:28]} Re6 {[%clk 0:07:37]} 39. h6+ {[%clk
0:01:19]} Kf6 {[%clk 0:07:12]} 40. Rbb4 {[%clk 0:01:18]} g5 {[%clk 0:05:53]}
41. Rh1 {[%clk 0:00:44]} Kg6 {[%clk 0:04:55]} 42. Rd4 {[%clk 0:28:22]} Rce7
{[%clk 0:30:34]} 43. Rd8 {[%clk 0:26:59]} Re8 {[%clk 0:30:56]} 44. Rd7 {[%clk
0:27:21]} b5 {[%clk 0:28:35]} 45. g4 {[%clk 0:24:19]} Rf6 {[%clk 0:27:47]} 46.
Kg3 {[%clk 0:23:52]} Re2 {[%clk 0:27:17]} 47. Rh2 {[%clk 0:20:49]} Rb2 {[%clk
0:26:56]} 48. Rd3 {[%clk 0:20:21]} b4 {[%clk 0:25:28]} 49. Re3 {[%clk 0:18:33]}
Rf4 {[%clk 0:24:58]} 50. Rd3 {[%clk 0:17:42]} a5 {[%clk 0:24:17]} 51. Rd6+
{[%clk 0:16:34]} f6 {[%clk 0:23:58]} 52. Rd3 {[%clk 0:14:56]} Rc2 {[%clk
0:23:08]} 53. Rd7 {[%clk 0:10:36]} Rc3+ {[%clk 0:23:25]} 54. Kg2 {[%clk
0:11:01]} Rxg4+ {[%clk 0:23:46]} 55. Kf1 {[%clk 0:11:25]} Rh4 {[%clk 0:23:55]}
56. Rxh4 {[%clk 0:11:08]} gxh4 {[%clk 0:24:17]} 57. Rd5 {[%clk 0:11:29]} h3
{[%clk 0:24:24]} 58. Kg1 {[%clk 0:11:36]} Rxb3 {[%clk 0:24:38]} 59. Rxa5 {[%clk
0:12:00]} Rf3 {[%clk 0:24:41]} 60. Rb5 {[%clk 0:11:31]} b3 0-1

[Event "DVM U14 2016"]
[Site "Düsseldorf GER"]
[Date "2016.12.29"]
[Round "6"]
[White "Holinka, Henning"]
[Black "Koll, Lukas"]
[Result "1-0"]
[Termination "normal"]
[Board "1.2"]
[WhiteElo "2034"]
[BlackElo "1821"]
[WhiteClock "00:07:29"]
[BlackClock "00:12:51"]
[WhiteTeam "Hamburger SK"]
[BlackTeam "Karlsruher SF"]
[PlyCount "81"]
[WhiteFideId "12967084"]
[BlackFideId "12969737"]
[EventCountry "GER"]
[EventRounds "7"]
[EventType "team-swiss"]
[EventDate "2016.12.26"]

1. e4 {[%clk 1:30:57]} c6 {[%clk 1:30:54]} 2. d4 {[%clk 1:31:17]} d5 {[%clk
1:31:18]} 3. Nc3 {[%clk 1:31:41]} dxe4 {[%clk 1:31:41]} 4. Nxe4 {[%clk
1:32:04]} Bf5 {[%clk 1:31:46]} 5. Ng3 {[%clk 1:32:26]} Bg6 {[%clk 1:32:11]} 6.
Nh3 {[%clk 1:32:43]} e6 {[%clk 1:32:23]} 7. Nf4 {[%clk 1:32:52]} Bd6 {[%clk
1:31:36]} 8. Ngh5 {[%clk 1:33:02]} Bxf4 {[%clk 1:28:17]} 9. Nxf4 {[%clk
1:33:13]} Nf6 {[%clk 1:28:00]} 10. Nxg6 {[%clk 1:29:40]} hxg6 {[%clk 1:28:19]}
11. Be2 {[%clk 1:29:03]} Qd6 {[%clk 1:25:09]} 12. g3 {[%clk 1:27:11]} Nbd7
{[%clk 1:22:38]} 13. c4 {[%clk 1:24:52]} c5 {[%clk 1:16:32]} 14. Be3 {[%clk
1:24:05]} Qb6 {[%clk 1:11:25]} 15. b3 {[%clk 1:16:28]} Rd8 {[%clk 1:10:25]} 16.
O-O {[%clk 1:14:41]} O-O {[%clk 1:10:34]} 17. dxc5 {[%clk 1:12:14]} Nxc5 {[%clk
1:10:45]} 18. Qc2 {[%clk 1:11:28]} Qb4 {[%clk 1:04:58]} 19. Rfd1 {[%clk
1:04:05]} a6 {[%clk 0:58:22]} 20. Bf3 {[%clk 1:01:07]} Ncd7 {[%clk 0:55:25]}
21. a3 {[%clk 1:00:00]} Qe7 {[%clk 0:47:39]} 22. Bxb7 {[%clk 0:58:38]} a5
{[%clk 0:48:01]} 23. Bf3 {[%clk 0:52:27]} Ne5 {[%clk 0:47:43]} 24. Bg2 {[%clk
0:51:39]} Rxd1+ {[%clk 0:48:04]} 25. Qxd1 {[%clk 0:50:59]} Rd8 {[%clk 0:48:18]}
26. Qc2 {[%clk 0:50:57]} Rc8 {[%clk 0:47:06]} 27. Qc3 {[%clk 0:46:42]} Qc7
{[%clk 0:45:02]} 28. Rc1 {[%clk 0:36:30]} Nfd7 {[%clk 0:42:25]} 29. c5 {[%clk
0:35:48]} Ng4 {[%clk 0:41:57]} 30. c6 {[%clk 0:34:37]} Nb8 {[%clk 0:41:46]} 31.
Bf4 {[%clk 0:32:56]} Qb6 {[%clk 0:41:22]} 32. Qc5 {[%clk 0:31:27]} Qxb3 {[%clk
0:39:45]} 33. Bxb8 {[%clk 0:31:07]} Qxb8 {[%clk 0:39:14]} 34. c7 {[%clk
0:31:17]} Qb2 {[%clk 0:39:29]} 35. Rc2 {[%clk 0:16:24]} Qb1+ {[%clk 0:39:05]}
36. Bf1 {[%clk 0:14:32]} Nxh2 {[%clk 0:29:50]} 37. Kxh2 {[%clk 0:13:58]} Qxf1
{[%clk 0:29:43]} 38. Rd2 {[%clk 0:13:44]} Kh7 {[%clk 0:27:14]} 39. Qd4 {[%clk
0:08:33]} Qb5 {[%clk 0:21:18]} 40. Qd8 {[%clk 0:07:22]} Qh5+ {[%clk 0:12:51]}
41. Kg2 {[%clk 0:07:29]} 1-0

[Event "DVM U14 2016"]
[Site "Düsseldorf GER"]
[Date "2016.12.29"]
[Round "6"]
[White "Foo, Tzun Hong"]
[Black "Koll, Linus"]
[Result "1-0"]
[Termination "normal"]
[Board "1.4"]
[WhiteElo "1788"]
[BlackElo "1728"]
[WhiteClock "00:01:10"]
[BlackClock "00:00:37"]
[WhiteTeam "Hamburger SK"]
[BlackTeam "Karlsruher SF"]
[PlyCount "75"]
[WhiteFideId "12974200"]
[BlackFideId "12990299"]
[EventCountry "GER"]
[EventRounds "7"]
[EventType "team-swiss"]
[EventDate "2016.12.26"]

1. e4 {[%clk 1:31:23]} c5 {[%clk 1:31:26]} 2. Nf3 {[%clk 1:31:48]} d6 {[%clk
1:31:54]} 3. d4 {[%clk 1:32:11]} cxd4 {[%clk 1:32:19]} 4. Nxd4 {[%clk 1:32:36]}
Nf6 {[%clk 1:32:46]} 5. Nc3 {[%clk 1:32:58]} g6 {[%clk 1:33:04]} 6. Be2 {[%clk
1:33:03]} Bg7 {[%clk 1:33:01]} 7. O-O {[%clk 1:33:23]} O-O {[%clk 1:32:48]} 8.
Re1 {[%clk 1:32:52]} a6 {[%clk 1:31:34]} 9. Bf1 {[%clk 1:27:48]} Nc6 {[%clk
1:30:59]} 10. Nb3 {[%clk 1:26:47]} Be6 {[%clk 1:30:28]} 11. Nd5 {[%clk
1:23:04]} Bxd5 {[%clk 1:30:25]} 12. exd5 {[%clk 1:23:10]} Na5 {[%clk 1:24:45]}
13. Nxa5 {[%clk 1:17:34]} Qxa5 {[%clk 1:23:10]} 14. Rxe7 {[%clk 1:10:28]} Nxd5
{[%clk 1:22:41]} 15. Rxb7 {[%clk 1:08:51]} Rfb8 {[%clk 1:06:31]} 16. Rxb8+
{[%clk 0:53:44]} Rxb8 {[%clk 1:06:54]} 17. Bc4 {[%clk 0:54:04]} Re8 {[%clk
0:55:45]} 18. Bd2 {[%clk 0:50:23]} Qc5 {[%clk 0:55:03]} 19. Bxd5 {[%clk
0:43:37]} Qxd5 {[%clk 0:53:38]} 20. c3 {[%clk 0:43:10]} Rb8 {[%clk 0:51:50]}
21. b3 {[%clk 0:41:53]} Qc6 {[%clk 0:29:21]} 22. Rc1 {[%clk 0:40:17]} Re8
{[%clk 0:26:53]} 23. c4 {[%clk 0:37:20]} Qc5 {[%clk 0:21:24]} 24. b4 {[%clk
0:32:31]} Qd4 {[%clk 0:14:09]} 25. a4 {[%clk 0:26:03]} Re4 {[%clk 0:07:50]} 26.
c5 {[%clk 0:19:45]} dxc5 {[%clk 0:07:25]} 27. bxc5 {[%clk 0:19:20]} Be5 {[%clk
0:03:08]} 28. c6 {[%clk 0:17:37]} Bc7 {[%clk 0:03:13]} 29. a5 {[%clk 0:16:35]}
Re8 {[%clk 0:01:57]} 30. Be1 {[%clk 0:05:40]} Qe5 {[%clk 0:02:04]} 31. g3
{[%clk 0:05:19]} Rd8 {[%clk 0:00:40]} 32. Qb3 {[%clk 0:04:45]} Rb8 {[%clk
0:00:43]} 33. Qc4 {[%clk 0:03:43]} Rb5 {[%clk 0:00:36]} 34. Bc3 {[%clk
0:03:21]} Qg5 {[%clk 0:00:55]} 35. Re1 {[%clk 0:02:48]} Rb8 {[%clk 0:00:32]}
36. Qxa6 {[%clk 0:01:38]} Qc5 {[%clk 0:00:33]} 37. Qd3 {[%clk 0:01:10]} Qxc6
{[%clk 0:00:37]} 38. a6 1-0

[Event "DVM U14 2016"]
[Site "Düsseldorf GER"]
[Date "2016.12.29"]
[Round "6"]
[White "Krastev, Alexander"]
[Black "Suvorov, Alexander"]
[Result "1-0"]
[Termination "normal"]
[Board "2.1"]
[WhiteElo "1961"]
[BlackElo "2149"]
[WhiteClock "01:08:22"]
[BlackClock "00:04:00"]
[WhiteTeam "Biebertaler SF"]
[BlackTeam "SG Porz"]
[PlyCount "61"]
[WhiteFideId "12989983"]
[BlackFideId "12977063"]
[EventCountry "GER"]
[EventRounds "7"]
[EventType "team-swiss"]
[EventDate "2016.12.26"]

1. e4 {[%clk 1:30:54]} c6 {[%clk 1:30:55]} 2. d4 {[%clk 1:31:18]} d5 {[%clk
1:31:23]} 3. Nc3 {[%clk 1:31:43]} dxe4 {[%clk 1:31:48]} 4. Nxe4 {[%clk
1:32:08]} Bf5 {[%clk 1:32:11]} 5. Ng3 {[%clk 1:32:34]} Bg6 {[%clk 1:32:31]} 6.
Nf3 {[%clk 1:32:59]} Nd7 {[%clk 1:32:55]} 7. h4 {[%clk 1:33:26]} h6 {[%clk
1:33:19]} 8. h5 {[%clk 1:33:53]} Bh7 {[%clk 1:33:45]} 9. Bd3 {[%clk 1:34:21]}
Bxd3 {[%clk 1:34:09]} 10. Qxd3 {[%clk 1:34:49]} e6 {[%clk 1:34:29]} 11. Bd2
{[%clk 1:35:15]} Ngf6 {[%clk 1:34:43]} 12. O-O-O {[%clk 1:35:38]} Be7 {[%clk
1:34:03]} 13. Kb1 {[%clk 1:35:57]} O-O {[%clk 1:32:26]} 14. Ne4 {[%clk
1:35:50]} Nxe4 {[%clk 1:31:45]} 15. Qxe4 {[%clk 1:36:13]} Nf6 {[%clk 1:32:10]}
16. Qe2 {[%clk 1:36:34]} Qd5 {[%clk 1:22:27]} 17. Be3 {[%clk 1:36:25]} Bd6
{[%clk 1:19:50]} 18. Rh4 {[%clk 1:26:37]} b5 {[%clk 1:12:07]} 19. g4 {[%clk
1:25:55]} Ne4 {[%clk 1:10:42]} 20. Rg1 {[%clk 1:20:02]} b4 {[%clk 1:00:37]} 21.
g5 {[%clk 1:17:54]} Nc3+ {[%clk 0:50:26]} 22. bxc3 {[%clk 1:18:03]} bxc3 23.
gxh6 {[%clk 1:07:30]} Rab8+ {[%clk 0:48:55]} 24. Ka1 {[%clk 1:07:38]} Rb2
{[%clk 0:48:56]} 25. Qa6 {[%clk 1:08:03]} Qb5 {[%clk 0:06:15]} 26. Qxb5 {[%clk
1:07:40]} Rxb5 {[%clk 0:06:28]} 27. hxg7 {[%clk 1:07:36]} Rfb8 {[%clk 0:03:42]}
28. h6 {[%clk 1:07:54]} Kh7 {[%clk 0:03:50]} 29. Ng5+ {[%clk 1:07:59]} Kg6
{[%clk 0:03:43]} 30. Ne4+ {[%clk 1:08:22]} Kh7 {[%clk 0:04:00]} 31. Nf6# 1-0

[Event "DVM U14 2016"]
[Site "Düsseldorf GER"]
[Date "2016.12.29"]
[Round "6"]
[White "Suvorov, Luca"]
[Black "Pralle, Finnegan"]
[Result "0-1"]
[Termination "normal"]
[Board "2.2"]
[WhiteElo "2039"]
[BlackElo "1870"]
[WhiteClock "00:00:37"]
[BlackClock "00:35:25"]
[WhiteTeam "SG Porz"]
[BlackTeam "Biebertaler SF"]
[PlyCount "72"]
[WhiteFideId "12977071"]
[BlackFideId "12986615"]
[EventCountry "GER"]
[EventRounds "7"]
[EventType "team-swiss"]
[EventDate "2016.12.26"]

1. d4 d5 {[%clk 1:30:54]} 2. c4 {[%clk 1:31:24]} c6 {[%clk 1:31:20]} 3. Nf3
{[%clk 1:31:50]} Nf6 {[%clk 1:31:45]} 4. e3 {[%clk 1:32:07]} e6 {[%clk
1:31:41]} 5. b3 {[%clk 1:32:31]} Nbd7 {[%clk 1:31:16]} 6. Bd3 {[%clk 1:32:22]}
Be7 {[%clk 1:31:18]} 7. Bb2 {[%clk 1:32:32]} b6 {[%clk 1:23:05]} 8. O-O {[%clk
1:32:32]} Bb7 {[%clk 1:23:05]} 9. Nc3 {[%clk 1:32:32]} Qc7 {[%clk 1:21:06]} 10.
Qe2 {[%clk 1:24:35]} Nf8 {[%clk 1:21:06]} 11. Ne5 {[%clk 1:18:16]} Ng6 {[%clk
1:17:50]} 12. f4 {[%clk 1:17:34]} dxc4 {[%clk 1:14:19]} 13. Bxc4 {[%clk
1:13:40]} O-O {[%clk 1:07:15]} 14. Nxg6 {[%clk 0:54:40]} hxg6 {[%clk 1:06:40]}
15. Ba6 {[%clk 0:49:50]} Bxa6 {[%clk 1:03:56]} 16. Qxa6 {[%clk 0:49:50]} c5
{[%clk 1:03:56]} 17. dxc5 {[%clk 0:49:50]} Bxc5 {[%clk 1:03:56]} 18. Qe2 {[%clk
0:43:05]} Rad8 {[%clk 1:02:44]} 19. Kh1 {[%clk 0:41:52]} Rfe8 {[%clk 1:00:50]}
20. Nb5 {[%clk 0:29:40]} Qc6 {[%clk 0:56:55]} 21. Nxa7 {[%clk 0:16:13]} Qe4
{[%clk 0:55:08]} 22. Bxf6 {[%clk 0:15:52]} gxf6 {[%clk 0:55:26]} 23. a4 {[%clk
0:14:51]} Rd3 {[%clk 0:54:04]} 24. Qb2 {[%clk 0:13:41]} Rxe3 {[%clk 0:54:00]}
25. Qb1 {[%clk 0:07:10]} Qd5 {[%clk 0:47:45]} 26. b4 {[%clk 0:02:35]} Re2
{[%clk 0:47:28]} 27. Rf3 {[%clk 0:02:40]} Bd4 {[%clk 0:41:04]} 28. Qd1 {[%clk
0:01:53]} Rb2 {[%clk 0:35:58]} 29. Rb1 {[%clk 0:01:40]} Rxb1 {[%clk 0:35:19]}
30. Qxb1 {[%clk 0:02:09]} Ra8 {[%clk 0:35:31]} 31. Nb5 {[%clk 0:02:07]} Rxa4
{[%clk 0:35:27]} 32. Nxd4 {[%clk 0:00:53]} Qxd4 {[%clk 0:35:48]} 33. Rf1 {[%clk
0:01:14]} Rxb4 {[%clk 0:36:09]} 34. Qa2 {[%clk 0:00:55]} Rb2 {[%clk 0:35:27]}
35. Qa8+ {[%clk 0:00:52]} Kg7 {[%clk 0:35:50]} 36. h4 {[%clk 0:00:37]} Rf2
{[%clk 0:35:25]} 0-1